Statistics for TOP 5 Players Every Postition NFL (20-21)

Click here to take the quiz!

General Stats

  • This quiz has been taken 49 times
  • The average score is 34 of 80

Answer Stats

HintAnswer% Correct
QB GBAaron Rodgers
100%
QB HOUDeshaun Watson
100%
QB BUFJosh Allen
100%
QB KCPatrick Mahomes II
100%
QB SEARussell Wilson
100%
RB NoAlvin Kamara
85%
WR GBDavante Adams
85%
WR ARIDeandre Hopkins
85%
RB TENDerrick Henry
85%
WR ATLJulio Jones
85%
RB NYGSaquon Barkley
85%
WR BUFStefon Diggs
85%
RB MINDalvin Cook
83%
WR NOMichael Thomas
83%
TE SFGeorge Kittle
80%
TE KCTravis Kelce
80%
TE LVDarren Waller
75%
TE TBRob Gronkowski
75%
TE DETTJ Hockenson
70%
DE SFNick Bosa
65%
LB SEABobby Wagner
63%
FS SEAJamal Adams
63%
DE PITTJ Watt
63%
DE DENVon Miller
63%
DE CHIKhalil Mack
60%
DE CLEMyles Garrett
60%
DT KCChris Jones
55%
CB LARJalen Ramsey
55%
LB SFFred Warner
50%
LB TBLavonte David
50%
DT LARAaron Donald
48%
HC KCAndy Reid
48%
K BALJustin Tucker
48%
CB NEStephon Gilmore
48%
CB MIAXavien Howard
48%
HC NEBill Belichick
45%
LB INDDarius Leonard
45%
HC PITMike Tomlin
43%
HC SEAPete Carroll
43%
OG INDQuenton Nelson
38%
FS MINHarrison Smith
33%
SS BUFMicah Hyde
33%
SS ARIBudda Baker
30%
DT PHIFletcher Cox
30%
CB GBJaire Alexander
30%
SS PITMinkah Fitzpatrick
30%
HC NOSean Peyton
30%
DT BALCalais Campbell
28%
OT GBDavid Bakhtiari
28%
FS KcTyrann Mathieu
28%
FS LACDerwin James
25%
SS DENJustin Simmons
25%
LB CHIRoquan Smith
25%
K ATLYounghoe Koo
23%
C PHIJason Kelce
20%
K SFRobbie Gould
20%
K MIAJason Sanders
18%
P LARJohnny Hekker
18%
SS BUFJordan Poyer
18%
OT HOULaremy Tunsil
18%
OG PITDavid Decastro
15%
C LVRodney Hudson
13%
K INDRodrigo Blankenship
13%
C INDRyan Kelly
13%
OG WASBrandon Scherff
10%
RB CARChristain Mccaffrey
10%
C PITMaurkice Pouncey
10%
OT KCMitchell Schwartz
10%
OT NORyan Ramczyk
10%
OG DALZach Martin
10%
FS MINAnthony Harris
8%
OG PHIBrandon Brooks
8%
DT NOCameron Heyward
8%
CB NYGJames Bradberry IV
8%
P SEAMichael Dickson
8%
P WASTress Way
8%
OT CLEJack Conklin
5%
C NOErik McCoy
3%
P NEJake Bailey
3%
P NOThomas Morestead
3%

Score Distribution

Percentile by Number Answered

Percent of People with Each Score

Your Score History

You have not taken this quiz